| 000 | 01241nam a22002777a 4500 | ||
|---|---|---|---|
| 005 | 20170124103118.0 | ||
| 010 | _aA-776415 | ||
| 020 | _c50.00 | ||
| 035 | _aA-776415 | ||
| 037 | _bCen Lib/Ret | ||
| 040 |
_aDPL _bHN |
||
| 082 |
_a330 _bटंडन |
||
| 100 |
_aटंडन, एल. _914217 |
||
| 245 |
_aरोज़गार सिद्धांत एवं लोक वित्त / _cएल. टंडन, अशोक कुमार [एवं] विश्वनाथ |
||
| 246 |
_aRozgaar siddhant evam lok vitta / _bby L. Tondon, Ashok Kumar [evam] Vishvnath |
||
| 260 |
_aमुज़फ्फरनगर _bजयश्री प्रकाशन _c1995 |
||
| 270 |
_bमुज़फ्फरनगर _a86 बी. नयी मंमंडी |
||
| 300 |
_a248पृ. _c20सेमी(सजिल्द ) |
||
| 650 |
_aबेरोज़गारी _x _z _981328 |
||
| 650 |
_aवित्तीय प्रशासन--भारत _981329 |
||
| 650 |
_aUnemployment _939590 |
||
| 650 |
_aFinancial Administration - India _981330 |
||
| 700 |
_aकुमार, अशोक _981331 |
||
| 700 |
_aविश्वनाथ _981332 |
||
| 942 |
_2ddc _cHN _h33० _mटंडन |
||
| 999 |
_c118657 _d118657 |
||